|
|
|
|
| LEADER |
00000cam a2200000 i 4500 |
| 003 |
Ucuenca |
| 005 |
20230308162348.0 |
| 006 |
a||||gr|||| 001 0 |
| 007 |
ta |
| 008 |
000000|1974 sp aaaagr 001|| spa a |
| 040 |
|
|
|b spa
|a UCuenca-cdrjbv
|c UCuenca
|e rda
|
| 041 |
0 |
|
|a spa
|
| 082 |
0 |
|
|2 21
|a 740
|c 71541
|
| 100 |
1 |
|
|a Velasco, José Luis.
|e autor
|9 33736
|
| 245 |
|
|
|a Dibujando a la pluma /
|c José Luis Velasco.
|
| 250 |
|
|
|a Tercera edición.
|
| 264 |
|
1 |
|a Barcelona:
|b CEAC,
|c 1974.
|
| 300 |
|
|
|a 141 páginas:
|b ilu
|c 24 cm
|
| 336 |
|
|
|2 rdacontent
|a texto
|b txt
|
| 337 |
|
|
|2 rdamedia
|a no mediado
|b n
|
| 338 |
|
|
|2 rdacarrier
|a volumen
|b nc
|
| 505 |
0 |
|
|a El material -- El trazo de la pluma -- Los sistemas -- Sistemas especiales -- Las especialidades -- Instrumentos especiales.
|
| 650 |
1 |
7 |
|a Dibujo
|2 UCuenca-cdrjbv
|9 2149
|
| 650 |
1 |
7 |
|a Arte
|9 1435
|
| 651 |
|
|
|2 UCuenca-cdrjbv
|
| 852 |
|
|
|a UC-CDJBV
|f Compra
|l 1
|m General
|p 00000000
|q 3.00
|r 2
|t 71541
|b 0
|d CDRC
|e CDRC
|g 740 TERCER PISO
|z 0000-00-00
|
| 852 |
|
|
|a UC-CDJBV
|f Compra
|l 2
|m General
|p 00000000
|q 3.00
|r 2
|t 71663
|b 0
|d CDRC
|e CDRC
|g 740 TERCER PISO
|z 0000-00-00
|
| 942 |
|
|
|c BK
|0 1
|2 ddc
|r maria.lopezr@ucuenca.edu.ec
|
| 999 |
|
|
|c 17840
|d 17840
|